000 00292nam a22001337a 4500
020 _a1-9043-5125-5
082 _a823
_bJEA/N
100 _aJEANA
100 _aADAMSON, GARETH
245 _aTHE NEW BABY
_bTOPSY+TIM
260 _aUK
_bLADYBIRD
650 _aENGLISH SHORT STORY
_zUK
942 _cBK
999 _c4218
_d4218